| 000 | 00498nam a22001577a 4500 | ||
|---|---|---|---|
| 005 | 20260227134422.0 | ||
| 041 | _aeng | ||
| 082 |
_a323.15475 _bSHA |
||
| 100 | _aShah, Ghanshyam | ||
| 245 |
_aCaste Association and Political Process in Gujarat: _bA Study of Gujarat Kshatriya Sabha / _cby Ghanshyam Shah |
||
| 260 |
_aBombay, _bPopular Prakashan, _cc1975. |
||
| 300 |
_aix, 218p. ; _c22 cm. |
||
| 650 |
_aCaste _xIndia, Gujarat. |
||
| 650 |
_aPolitical Participation _xIndia, Gujarat. |
||
| 942 | _cBK | ||
| 999 |
_c184501 _d184500 |
||